[Event "Oberliga Ost A 2016 2017"]
[Site "Germany"]
[Date "2017.04.23"]
[Round "9.3"]
[White "Heinrich, Julius Tobias"]
[Black "Proehl, Holger"]
[Result "1/2-1/2"]
[WhiteElo "2055"]
[BlackElo "2360"]
[PlyCount "143"]
[EventDate "2016.10.16"]
[EventType "team-tourn"]
[EventCountry "GER"]
[WhiteTeam "Naumburger SV"]
[BlackTeam "Loeberitz SG"]
[WhiteTeamCountry "GER"]
[BlackTeamCountry "GER"]

1. e4 d5 2. Nc3 dxe4 3. Nxe4 Nf6 4. Nxf6+ exf6 5. d4 Be7 6. Bd3 O-O 7. Nf3 c6
8. c3 Bd6 9. Qc2 Re8+ 10. Be3 g6 11. O-O-O Nd7 12. g4 Nf8 13. h3 Qa5 14. a3 Qc7
15. Nd2 Bf4 16. Ne4 Kg7 17. Qd2 Bxe3 18. fxe3 f5 19. Nf2 Qe7 20. e4 fxe4 21.
Nxe4 Be6 22. Rhf1 Qh4 23. Qf4 Bd5 24. Nf6 Re7 25. c4 Bg2 26. Rf2 Ne6 27. Qe3
Rd8 28. Nh5+ gxh5 29. Rxg2 Qf6 30. gxh5+ Kh8 31. Qe4 Qf4+ 32. Rgd2 Qxe4 33.
Bxe4 Nf4 34. Bf5 Nxh5 35. d5 Ng3 36. d6 Re5 37. Bc2 a5 38. Rf2 f5 39. Rf3 Ne4
40. Bxe4 fxe4 41. Rf7 e3 42. Re7 e2 43. Re1 Rxe7 44. dxe7 Re8 45. Rxe2 Kg7 46.
Kc2 a4 47. Kc3 c5 48. Re5 b6 49. Re6 Kf7 50. Rxb6 Rxe7 51. Rh6 Re3+ 52. Kd2 Rb3
53. Kc2 Kg7 54. Rh5 Kg6 55. Rxc5 Rxh3 56. Rc6+ Kf5 57. Ra6 Rh2+ 58. Kc3 Rh3+
59. Kd4 Rb3 60. Rxa4 Rxb2 61. Ra5+ Ke6 62. Rh5 Rb3 63. Rh6+ Kd7 64. Rxh7+ Kc6
65. Ra7 Kb6 66. Ra4 Rh3 67. c5+ Kc6 68. Ra6+ Kb7 69. Rb6+ Kc7 70. Ra6 Kb7 71.
Ra5 Kc6 72. Ra6+ 1/2-1/2

[Event "Oberliga Ost A 2016 2017"]
[Site "Germany"]
[Date "2017.04.23"]
[Round "9.4"]
[White "Pallas, Sebastian"]
[Black "Fritsch, Andreas"]
[Result "1-0"]
[WhiteElo "2225"]
[BlackElo "2066"]
[PlyCount "167"]
[EventDate "2016.10.16"]
[EventType "team-tourn"]
[EventCountry "GER"]
[WhiteTeam "Loeberitz SG"]
[BlackTeam "Naumburger SV"]
[WhiteTeamCountry "GER"]
[BlackTeamCountry "GER"]

1. e4 Nc6 2. Nc3 Nf6 3. d4 e5 4. Nf3 exd4 5. Nxd4 Bb4 6. Nxc6 bxc6 7. Bd3 d5 8.
exd5 cxd5 9. O-O O-O 10. Bg5 Be6 11. Qf3 Be7 12. Bf5 Qd7 13. Bxe6 fxe6 14. Rad1
Bd6 15. Qh3 c6 16. Rfe1 e5 17. Qxd7 Nxd7 18. Ne4 Bc7 19. c4 h6 20. Be7 Rf7 21.
Bd6 dxe4 22. Bxc7 Nc5 23. Bd6 Nd3 24. Re2 c5 25. b4 Rd7 26. bxc5 Nxc5 27. Rd5
Nd3 28. Rxe4 Nf4 29. Rd1 Rad8 30. c5 Ne6 31. Rxe5 Nxc5 32. Rxc5 Rxd6 33. Rxd6
Rxd6 34. g3 Ra6 35. Rc2 Ra3 36. Kg2 h5 37. f4 g6 38. Kh3 Kg7 39. Kh4 Kh6 40. g4
hxg4 41. Kxg4 Kg7 42. f5 Ra4+ 43. Kg5 gxf5 44. Kxf5 Kh6 45. Ke5 Kh5 46. Kd5 a6
47. Kc5 Kh6 48. Kb6 Kg6 49. h4 Kh6 50. h5 Kh7 51. Kb7 Ra3 52. h6 a5 53. Rh2 a4
54. Kb6 Rg3 55. Kb5 Rg4 56. a3 Rf4 57. Ka5 Rg4 58. Rh5 Rf4 59. Kb5 Rg4 60. Rh1
Rf4 61. Rb1 Kxh6 62. Rb4 Rf5+ 63. Kxa4 Kg6 64. Re4 Rf1 65. Kb4 Rb1+ 66. Ka5 Kf5
67. Re2 Rd1 68. a4 Rd5+ 69. Kb6 Rd6+ 70. Kc5 Rd1 71. a5 Rc1+ 72. Kb6 Rb1+ 73.
Ka7 Ra1 74. a6 Rb1 75. Ka8 Kf6 76. Re8 Rb6 77. a7 Rb1 78. Rb8 Rd1 79. Rb6+ Ke5
80. Kb7 Rd7+ 81. Ka6 Rd8 82. Rb8 Rd6+ 83. Kb5 Rd5+ 84. Kb4 1-0

[Event "Oberliga Ost A 2016 2017"]
[Site "Germany"]
[Date "2017.04.23"]
[Round "9.5"]
[White "Haertig, Jens"]
[Black "Niegsch, Nicolas"]
[Result "1-0"]
[WhiteElo "2137"]
[BlackElo "2191"]
[PlyCount "75"]
[EventDate "2016.10.16"]
[EventType "team-tourn"]
[EventCountry "GER"]
[WhiteTeam "Naumburger SV"]
[BlackTeam "Loeberitz SG"]
[WhiteTeamCountry "GER"]
[BlackTeamCountry "GER"]

1. c4 f5 2. g3 Nf6 3. Bg2 g6 4. Nc3 Bg7 5. d3 O-O 6. e4 c5 7. Nge2 Nc6 8. O-O
d6 9. Rb1 Be6 10. Nd5 Nd7 11. f4 Nb6 12. b3 Qd7 13. Ne3 fxe4 14. dxe4 Bh3 15.
Bb2 Bxg2 16. Nxg2 Qe6 17. Bxg7 Kxg7 18. Nc3 Nd4 19. Ne3 h5 20. Kg2 Nd7 21. Nc2
Nxc2 22. Qxc2 h4 23. Nd5 Rac8 24. Rbe1 Qf7 25. f5 Ne5 26. Qd2 e6 27. Ne3 Rcd8
28. g4 h3+ 29. Kxh3 Qf6 30. Kg2 Rh8 31. h3 exf5 32. exf5 Qg5 33. fxg6 Kxg6 34.
Qc2+ Kg7 35. Rf5 Qh6 36. Rh5 Qf4 37. Nf5+ Kf6 38. Rf1 1-0

[Event "Oberliga Ost A 2016 2017"]
[Site "Germany"]
[Date "2017.04.23"]
[Round "9.6"]
[White "Schuster, Martin"]
[Black "Ruemmler, Roland"]
[Result "1/2-1/2"]
[WhiteElo "2223"]
[BlackElo "1952"]
[PlyCount "73"]
[EventDate "2016.10.16"]
[EventType "team-tourn"]
[EventCountry "GER"]
[WhiteTeam "Loeberitz SG"]
[BlackTeam "Naumburger SV"]
[WhiteTeamCountry "GER"]
[BlackTeamCountry "GER"]

1. e4 e6 2. d4 c5 3. Nf3 cxd4 4. Nxd4 Nc6 5. Nc3 Nf6 6. Ndb5 d6 7. Bf4 e5 8.
Bg5 Be7 9. Bxf6 gxf6 10. Nd5 Kf8 11. Qh5 h6 12. Nbc7 Rb8 13. Nxe7 Nxe7 14. Bc4
Rh7 15. Nd5 Nxd5 16. Bxd5 Be6 17. O-O Bxd5 18. exd5 Rc8 19. Rac1 Rc4 20. c3 Qc8
21. h3 Rf4 22. b3 Rf5 23. Qe2 Rg5 24. Kh2 Rhg7 25. Rg1 f5 26. c4 Qc5 27. b4
Qxb4 28. f4 exf4 29. c5 Qa3 30. cxd6 Rxg2+ 31. Rxg2 Rxg2+ 32. Kxg2 Qxc1 33.
Qe7+ Kg7 34. d7 Qc2+ 35. Kf3 Qc4 36. Kf2 Qc2+ 37. Kf3 1/2-1/2

[Event "Oberliga Ost A 2016 2017"]
[Site "Germany"]
[Date "2017.04.23"]
[Round "9.7"]
[White "Muekke, Jens Frieder"]
[Black "Otikova, Elina"]
[Result "1-0"]
[WhiteElo "1969"]
[BlackElo "2007"]
[PlyCount "65"]
[EventDate "2016.10.16"]
[EventType "team-tourn"]
[EventCountry "GER"]
[WhiteTeam "Naumburger SV"]
[BlackTeam "Loeberitz SG"]
[WhiteTeamCountry "GER"]
[BlackTeamCountry "GER"]

1. e4 e5 2. Bc4 Nf6 3. d3 Nc6 4. Nf3 Be7 5. O-O O-O 6. Re1 d6 7. a4 Bg4 8. c3
d5 9. exd5 Nxd5 10. h3 Bh5 11. a5 a6 12. g4 Bg6 13. Qb3 Nf4 14. Bxf4 exf4 15.
Qxb7 Qd6 16. Qb3 Rab8 17. Qc2 h5 18. Nbd2 hxg4 19. hxg4 Qd7 20. Nh2 Bd6 21.
Ndf3 Rfe8 22. b4 Ne5 23. Nxe5 Bxe5 24. f3 Qc6 25. Qb3 Qf6 26. d4 Bd6 27. Qb2 c5
28. Rxe8+ Rxe8 29. bxc5 Bc7 30. Qb7 Qe7 31. Nf1 Rb8 32. Qxa6 Rb2 33. Qxg6 1-0

[Event "Oberliga Ost A 2016 2017"]
[Site "Germany"]
[Date "2017.04.23"]
[Round "9.8"]
[White "Klyszcz, Michael"]
[Black "Will, Matthias"]
[Result "1/2-1/2"]
[WhiteElo "1971"]
[BlackElo "2024"]
[PlyCount "55"]
[EventDate "2016.10.16"]
[EventType "team-tourn"]
[EventCountry "GER"]
[WhiteTeam "Loeberitz SG"]
[BlackTeam "Naumburger SV"]
[WhiteTeamCountry "GER"]
[BlackTeamCountry "GER"]

1. d4 f5 2. Nf3 Nf6 3. c4 g6 4. Nc3 Bg7 5. Bf4 d6 6. e3 O-O 7. c5 c6 8. Qb3+ d5
9. Be2 h6 10. h3 g5 11. Bh2 Ne4 12. Ne5 Kh7 13. f3 Nxc3 14. Qxc3 Nd7 15. Nd3
Nf6 16. g4 Be6 17. Be5 Nd7 18. Bxg7 Kxg7 19. O-O-O b6 20. h4 fxg4 21. fxg4 Nf6
22. Rdg1 Ne4 23. Qe1 Qc7 24. Rg2 Rh8 25. hxg5 hxg5 26. Rh5 Bf7 27. Rxh8 Rxh8
28. Bf3 1/2-1/2

[Event "Oberliga Ost A 2016 2017"]
[Site "Germany"]
[Date "2017.05.06"]
[Round "10.1"]
[White "Cerveny, Martin"]
[Black "Zwahr, Paul"]
[Result "1-0"]
[WhiteElo "2384"]
[BlackElo "2318"]
[PlyCount "89"]
[EventDate "2016.10.16"]
[EventType "team-tourn"]
[EventCountry "GER"]
[WhiteTeam "Aue ESV Nickelhuette II"]
[BlackTeam "Dresden SG Gruen Weiss"]
[WhiteTeamCountry "GER"]
[BlackTeamCountry "GER"]

1. d4 d5 2. Nf3 Nf6 3. Bf4 c5 4. c3 Qb6 5. Qb3 Nc6 6. e3 c4 7. Qc2 Bf5 8. Qc1
e6 9. h3 Be7 10. Be2 O-O 11. O-O Rfc8 12. Nbd2 Qd8 13. Bd1 b5 14. a3 a5 15. Bc2
b4 16. a4 Bd6 17. Re1 Bxf4 18. exf4 Qd6 19. Ne5 Nxd4 20. cxd4 c3 21. Bxf5 cxd2
22. Bxh7+ Kxh7 23. Qxd2 Kg8 24. Rac1 Ne4 25. Qe3 Qa6 26. g4 Rxc1 27. Rxc1 Rc8
28. f3 Nd6 29. Rc5 Nc4 30. Qe2 Rxc5 31. dxc5 f6 32. Ng6 Kf7 33. f5 e5 34. b3
Qc6 35. Qf2 Na3 36. Kg2 d4 37. Qh4 Qa6 38. c6 Nc2 39. c7 Ne3+ 40. Kg3 Nf1+ 41.
Kf2 Nd2 42. Nxe5+ fxe5 43. Qh5+ Ke7 44. Qg5+ Ke8 45. Qg6+ 1-0

[Event "Oberliga Ost A 2016 2017"]
[Site "Germany"]
[Date "2017.05.06"]
[Round "10.2"]
[White "Siedentopf, Daniel"]
[Black "Rosko, Lubos"]
[Result "1/2-1/2"]
[WhiteElo "2292"]
[BlackElo "2345"]
[PlyCount "56"]
[EventDate "2016.10.16"]
[EventType "team-tourn"]
[EventCountry "GER"]
[WhiteTeam "Dresden SG Gruen Weiss"]
[BlackTeam "Aue ESV Nickelhuette II"]
[WhiteTeamCountry "GER"]
[BlackTeamCountry "GER"]

1. d4 Nf6 2. c4 c5 3. d5 e6 4. Nc3 exd5 5. cxd5 d6 6. e4 g6 7. f4 Bg7 8. Bb5+
Nfd7 9. a4 O-O 10. Nf3 Na6 11. O-O Nb4 12. Kh1 a6 13. Bc4 Nb6 14. Be2 Bg4 15.
Be3 Re8 16. h3 Bf5 17. a5 Nd7 18. Nd2 Bxc3 19. bxc3 Nxd5 20. exd5 Rxe3 21. Nc4
Rxc3 22. Nxd6 Bxh3 23. Rf3 Rxf3 24. Bxf3 Bf5 25. Nxf5 gxf5 26. g3 b5 27. axb6
Qxb6 28. d6 Rb8 1/2-1/2

[Event "Oberliga Ost A 2016 2017"]
[Site "Germany"]
[Date "2017.05.06"]
[Round "10.3"]
[White "Pulpan, Jakub"]
[Black "Gehmlich, Marcel"]
[Result "1/2-1/2"]
[WhiteElo "2337"]
[BlackElo "2194"]
[PlyCount "50"]
[EventDate "2016.10.16"]
[EventType "team-tourn"]
[EventCountry "GER"]
[WhiteTeam "Aue ESV Nickelhuette II"]
[BlackTeam "Dresden SG Gruen Weiss"]
[WhiteTeamCountry "GER"]
[BlackTeamCountry "GER"]

1. d4 Nf6 2. Bf4 e6 3. e3 b6 4. Nf3 Bb7 5. h3 Be7 6. Bd3 c5 7. c3 O-O 8. Nbd2
d5 9. O-O Ne4 10. Qc2 f5 11. Ne5 Nxd2 12. Qxd2 Nd7 13. a4 a5 14. Qe2 Bf6 15.
Nf3 Qe7 16. c4 e5 17. dxe5 Nxe5 18. Bxe5 Bxe5 19. cxd5 Bxd5 20. Bc4 Bxc4 21.
Qxc4+ Kh8 22. Nxe5 Qxe5 23. Qb3 Rf6 24. Rad1 f4 25. exf4 Qxf4 1/2-1/2

[Event "Oberliga Ost A 2016 2017"]
[Site "Germany"]
[Date "2017.05.06"]
[Round "10.5"]
[White "Schnabel, Ralf"]
[Black "Hutsch, Oliver"]
[Result "1-0"]
[WhiteElo "2235"]
[BlackElo "2119"]
[PlyCount "51"]
[EventDate "2016.10.16"]
[EventType "team-tourn"]
[EventCountry "GER"]
[WhiteTeam "Aue ESV Nickelhuette II"]
[BlackTeam "Dresden SG Gruen Weiss"]
[WhiteTeamCountry "GER"]
[BlackTeamCountry "GER"]

1. e4 c6 2. d4 d5 3. Nd2 dxe4 4. Nxe4 Bf5 5. Ng3 Bg6 6. h4 h6 7. Nf3 Nd7 8. h5
Bh7 9. Bd3 Bxd3 10. Qxd3 Ngf6 11. Bd2 e6 12. O-O-O Be7 13. Qe2 O-O 14. Nf1 c5
15. g4 cxd4 16. g5 Nd5 17. gxh6 Nc3 18. Bxc3 dxc3 19. hxg7 Re8 20. Ne3 Qa5 21.
Kb1 Nb6 22. h6 Qb4 23. h7+ Kxg7 24. h8=Q+ Rxh8 25. Rdg1+ Kf6 26. Nd5+ 1-0

[Event "Oberliga Ost A 2016 2017"]
[Site "Germany"]
[Date "2017.05.06"]
[Round "10.6"]
[White "Kunze, Christopher"]
[Black "Heinz, Juergen"]
[Result "1/2-1/2"]
[WhiteElo "2085"]
[BlackElo "2220"]
[PlyCount "163"]
[EventDate "2016.10.16"]
[EventType "team-tourn"]
[EventCountry "GER"]
[WhiteTeam "Dresden SG Gruen Weiss"]
[BlackTeam "Aue ESV Nickelhuette II"]
[WhiteTeamCountry "GER"]
[BlackTeamCountry "GER"]

1. e4 c5 2. Nc3 Nc6 3. g3 e5 4. Bg2 g6 5. d3 d6 6. f4 Bg7 7. Nf3 Nge7 8. O-O
O-O 9. a3 h6 10. Nd5 Nxd5 11. exd5 Ne7 12. c4 exf4 13. Bxf4 Bg4 14. h4 Nf5 15.
Qd2 Re8 16. Rae1 Qd7 17. Re4 Bxf3 18. Bxf3 Nd4 19. Kg2 Nxf3 20. Kxf3 Rxe4 21.
dxe4 h5 22. Re1 Re8 23. b3 Bd4 24. Qd3 f6 25. Kg2 Kg7 26. Re2 Be5 27. Bd2 Qe7
28. Qe3 Rh8 29. a4 Bd4 30. Qf3 Kf7 31. Bc3 Bxc3 32. Qxc3 Re8 33. Qe3 Kg7 34.
Qf4 Qd8 35. Re3 Re5 36. Qf2 Qe8 37. Qe2 Qd7 38. Qf2 Qe8 39. Qe2 Qe7 40. Qe1 g5
41. hxg5 Rxg5 42. Kf2 Qd7 43. Ke2 b6 44. Qf2 Qg4+ 45. Qf3 Re5 46. Qxg4+ hxg4
47. Kf2 Kh6 48. Re2 Kg5 49. Re3 Re8 50. Re1 f5 51. a5 fxe4 52. axb6 axb6 53.
Re2 Re7 54. Ke3 b5 55. Rf2 bxc4 56. bxc4 Ra7 57. Rf8 Ra4 58. Rg8+ Kf6 59. Rxg4
Rxc4 60. Rh4 Rc3+ 61. Kf4 Rf3+ 62. Kxe4 Rxg3 63. Rf4+ Ke7 64. Rf5 Rg4+ 65. Kd3
Rd4+ 66. Kc3 Kd8 67. Rh5 Kc7 68. Rg5 Re4 69. Rg7+ Kd8 70. Rh7 Re7 71. Rh6 Kd7
72. Kc4 Re4+ 73. Kb5 Rb4+ 74. Ka5 Rd4 75. Rh5 Rd1 76. Kb5 Rb1+ 77. Ka5 Ke7 78.
Rf5 Rb2 79. Ka4 Rb8 80. Ka5 Rb4 81. Ka6 Rb3 82. Ka5 1/2-1/2

[Event "Oberliga Ost A 2016 2017"]
[Site "Germany"]
[Date "2017.05.06"]
[Round "10.7"]
[White "Floeter, Frank"]
[Black "Rudolf, Matthias"]
[Result "1-0"]
[WhiteElo "2124"]
[BlackElo "2069"]
[PlyCount "105"]
[EventDate "2016.10.16"]
[EventType "team-tourn"]
[EventCountry "GER"]
[WhiteTeam "Aue ESV Nickelhuette II"]
[BlackTeam "Dresden SG Gruen Weiss"]
[WhiteTeamCountry "GER"]
[BlackTeamCountry "GER"]

1. d4 e6 2. c4 b6 3. Nf3 Bb7 4. e3 f5 5. Bd3 Nf6 6. O-O Be7 7. Nbd2 O-O 8. Qc2
Nc6 9. a3 Qe8 10. e4 fxe4 11. Nxe4 Nxe4 12. Bxe4 Rxf3 13. gxf3 Qh5 14. Rd1 Rf8
15. Qe2 Bd6 16. Kf1 Bxh2 17. Be3 d5 18. cxd5 exd5 19. Bd3 Bf4 20. Ke1 Re8 21.
Bb5 Qh6 22. Bxc6 Bxc6 23. Kd2 a6 24. Rh1 Qd6 25. Qd3 g6 26. Rae1 Bb5 27. Qc3 c5
28. Kc2 Bxe3 29. Rxe3 Rxe3 30. fxe3 Qg3 31. Rd1 Qxf3 32. dxc5 bxc5 33. Rd2 Qe4+
34. Kc1 c4 35. Qd4 Qxd4 36. Rxd4 Bc6 37. Rf4 Kg7 38. Kd2 g5 39. Rf5 Kg6 40. Rf8
g4 41. Ke2 h5 42. Kf2 h4 43. Rc8 Ba4 44. Ra8 Bc2 45. Rxa6+ Kf5 46. Rh6 g3+ 47.
Kg2 Kg4 48. a4 h3+ 49. Kf1 Bd3+ 50. Ke1 g2 51. Kf2 Bf5 52. a5 Kg5 53. Rh8 1-0

[Event "Oberliga Ost A 2016 2017"]
[Site "Germany"]
[Date "2017.05.06"]
[Round "10.8"]
[White "Salewski, Bernd"]
[Black "Heinz, Thomas"]
[Result "1/2-1/2"]
[WhiteElo "2004"]
[BlackElo "2144"]
[PlyCount "45"]
[EventDate "2016.10.16"]
[EventType "team-tourn"]
[EventCountry "GER"]
[WhiteTeam "Dresden SG Gruen Weiss"]
[BlackTeam "Aue ESV Nickelhuette II"]
[WhiteTeamCountry "GER"]
[BlackTeamCountry "GER"]

1. d4 d5 2. Nc3 Nf6 3. Bg5 Bf5 4. Bxf6 exf6 5. e3 c6 6. Bd3 Bxd3 7. Qxd3 Nd7 8.
Nge2 g6 9. g4 Bd6 10. O-O-O Qa5 11. e4 Nb6 12. exd5 Nxd5 13. Nxd5 Qxd5 14. Kb1
O-O-O 15. Nc3 Qg5 16. Qf3 Bb4 17. Ne4 Qd5 18. c3 Rhe8 19. Nd2 Qxf3 20. Nxf3 Bd6
21. Rde1 Bf4 22. h3 Kd7 23. Kc2 1/2-1/2

[Event "Oberliga Ost A 2016 2017"]
[Site "Germany"]
[Date "2017.05.06"]
[Round "10.1"]
[White "Schmidt Schaeffer, Sebastian"]
[Black "Mueller, Richard"]
[Result "1-0"]
[WhiteElo "2383"]
[BlackElo "2170"]
[PlyCount "71"]
[EventDate "2016.10.16"]
[EventType "team-tourn"]
[EventCountry "GER"]
[WhiteTeam "Naumburger SV"]
[BlackTeam "Coswig TuS"]
[WhiteTeamCountry "GER"]
[BlackTeamCountry "GER"]

1. d4 Nf6 2. c4 g6 3. Nf3 Bg7 4. Nc3 d5 5. cxd5 Nxd5 6. Bd2 O-O 7. Rc1 Nb6 8.
e3 c6 9. Be2 N8d7 10. O-O e5 11. Ne4 Nd5 12. Qb3 Qe7 13. Nc3 N5b6 14. a4 e4 15.
a5 exf3 16. Bxf3 Rb8 17. axb6 Nxb6 18. d5 cxd5 19. Nxd5 Nxd5 20. Bxd5 Be6 21.
e4 Rfd8 22. Bf4 Bxd5 23. exd5 Rbc8 24. d6 Qe4 25. Rxc8 Rxc8 26. Bg5 Qc6 27. Qh3
f5 28. Qd3 Qd7 29. Re1 Rc6 30. Re7 Qxd6 31. Qb3+ Kh8 32. Re8+ Bf8 33. g3 Kg7
34. Bf4 Qc5 35. Qxb7+ Kf6 36. Rxf8+ 1-0

[Event "Oberliga Ost A 2016 2017"]
[Site "Germany"]
[Date "2017.05.06"]
[Round "10.2"]
[White "Pietsch, Michael"]
[Black "Gering, Samuel"]
[Result "1-0"]
[WhiteElo "2146"]
[BlackElo "2079"]
[PlyCount "117"]
[EventDate "2016.10.16"]
[EventType "team-tourn"]
[EventCountry "GER"]
[WhiteTeam "Coswig TuS"]
[BlackTeam "Naumburger SV"]
[WhiteTeamCountry "GER"]
[BlackTeamCountry "GER"]

1. d4 g6 2. g3 Bg7 3. Bg2 d6 4. Nf3 Nf6 5. O-O O-O 6. c4 c5 7. Nc3 Nbd7 8. b3
Rb8 9. Bb2 b6 10. e4 Bb7 11. Qe2 cxd4 12. Nxd4 a6 13. Rfd1 Qc8 14. Rac1 Nc5 15.
Nd5 Bxd5 16. cxd5 Qd7 17. Nc6 Rb7 18. Bd4 a5 19. Qb2 Ne8 20. Bxg7 Nxg7 21. a3
Na6 22. b4 axb4 23. axb4 b5 24. Rd2 Ne8 25. Rdc2 Nec7 26. Qd4 Na8 27. Ra1 N6c7
28. Rca2 Nb6 29. Bh3 e6 30. Ra7 Rxa7 31. Rxa7 Nc4 32. Qf6 Re8 33. dxe6 fxe6 34.
Rxc7 Qxc7 35. Bxe6+ Rxe6 36. Qxe6+ Qf7 37. Qxf7+ Kxf7 38. Nd4 Nd2 39. f3 Kf6
40. Kg2 d5 41. exd5 Nc4 42. Kf2 Nb6 43. d6 Nd5 44. Nxb5 Nxb4 45. Ke3 Nc6 46.
Ke4 Ke6 47. f4 h5 48. Nd4+ Nxd4 49. Kxd4 Kxd6 50. Ke4 Ke6 51. h3 Kf6 52. g4
hxg4 53. hxg4 Kf7 54. Ke5 Ke7 55. g5 Kf7 56. Kd6 Kf8 57. Ke6 Kg7 58. Ke7 Kg8
59. Kf6 1-0

[Event "Oberliga Ost A 2016 2017"]
[Site "Germany"]
[Date "2017.05.06"]
[Round "10.3"]
[White "Heinrich, Julius Tobias"]
[Black "Schweitzer, Andreas"]
[Result "1-0"]
[WhiteElo "2055"]
[BlackElo "2210"]
[PlyCount "71"]
[EventDate "2016.10.16"]
[EventType "team-tourn"]
[EventCountry "GER"]
[WhiteTeam "Naumburger SV"]
[BlackTeam "Coswig TuS"]
[WhiteTeamCountry "GER"]
[BlackTeamCountry "GER"]

1. e4 c5 2. c3 Nf6 3. e5 Nd5 4. d4 cxd4 5. cxd4 e6 6. Nc3 Nxc3 7. bxc3 Qc7 8.
Bd2 d6 9. f4 b6 10. Qg4 g6 11. Nf3 Nd7 12. h4 h5 13. Qg3 Bb7 14. Ng5 Rg8 15.
Bd3 Bd5 16. c4 Bxc4 17. Rc1 b5 18. Qf3 d5 19. O-O Nb6 20. f5 exf5 21. e6 f6 22.
Nf7 Bd6 23. Rfe1 Ke7 24. a3 a5 25. Bxf5 gxf5 26. Nxd6 Qxd6 27. Bf4 Qc6 28. Qxh5
Rg7 29. Bh6 Rag8 30. Bxg7 Rxg7 31. Qh8 Rg3 32. Qh7+ Kd6 33. e7 Qe8 34. Qxf5 Rg8
35. Qxf6+ Kc7 36. Qe6 1-0

[Event "Oberliga Ost A 2016 2017"]
[Site "Germany"]
[Date "2017.05.06"]
[Round "10.4"]
[White "Escher, Thomas"]
[Black "Huth, Volkmar"]
[Result "1/2-1/2"]
[WhiteElo "2181"]
[BlackElo "2127"]
[PlyCount "81"]
[EventDate "2016.10.16"]
[EventType "team-tourn"]
[EventCountry "GER"]
[WhiteTeam "Coswig TuS"]
[BlackTeam "Naumburger SV"]
[WhiteTeamCountry "GER"]
[BlackTeamCountry "GER"]

1. e4 e6 2. d4 d5 3. Nc3 Nf6 4. Bg5 Be7 5. e5 Nfd7 6. Bxe7 Qxe7 7. f4 g6 8. Nf3
a6 9. Qd2 b6 10. a3 c5 11. Be2 Bb7 12. O-O Nc6 13. Nd1 Nxd4 14. Nxd4 cxd4 15.
b4 Rc8 16. Rc1 f6 17. exf6 Qxf6 18. Nf2 O-O 19. Ng4 Qg7 20. Rf3 h5 21. Nf2 e5
22. Nh3 Qh6 23. Rcf1 Nf6 24. Qd1 Ng4 25. fxe5 Rxf3 26. Rxf3 Nxe5 27. Rg3 h4 28.
Rg5 Re8 29. Bd3 Bc8 30. Qd2 Nxd3 31. Qxd3 Re4 32. Qd2 Bxh3 33. gxh3 Kh7 34. Qg2
Qf8 35. Qf2 Qe7 36. Kh1 Qxg5 37. Qf7+ Kh6 38. Qf8+ Kh7 39. Qf7+ Kh8 40. Qf8+
Kh7 41. Qf7+ 1/2-1/2

[Event "Oberliga Ost A 2016 2017"]
[Site "Germany"]
[Date "2017.05.06"]
[Round "10.5"]
[White "Fritsch, Andreas"]
[Black "Klawa, Patrick"]
[Result "1-0"]
[WhiteElo "2066"]
[BlackElo "2187"]
[PlyCount "65"]
[EventDate "2016.10.16"]
[EventType "team-tourn"]
[EventCountry "GER"]
[WhiteTeam "Naumburger SV"]
[BlackTeam "Coswig TuS"]
[WhiteTeamCountry "GER"]
[BlackTeamCountry "GER"]

1. Nc3 g6 2. h4 Nf6 3. e4 d6 4. d4 Bg7 5. Be2 h5 6. Nh3 c5 7. dxc5 Qa5 8. Qd3
Nc6 9. Qb5 Nxe4 10. Qxa5 Bxc3+ 11. Qxc3 Nxc3 12. bxc3 dxc5 13. Be3 b6 14. Ng5
f6 15. Bf3 Bd7 16. Ne6 Rc8 17. Nf4 Kf7 18. O-O-O Ne5 19. Be2 Bc6 20. f3 Bd7 21.
Nh3 Be6 22. Kb2 Rc6 23. Bf4 Nc4+ 24. Bxc4 Bxc4 25. Rd7 a6 26. Re1 Be6 27. Ra7
b5 28. Bc1 Re8 29. Nf4 Bc4 30. g4 hxg4 31. fxg4 f5 32. gxf5 gxf5 33. Nd3 1-0

[Event "Oberliga Ost A 2016 2017"]
[Site "Germany"]
[Date "2017.05.06"]
[Round "10.6"]
[White "Hofmann, Rares"]
[Black "Haertig, Jens"]
[Result "1-0"]
[WhiteElo "2081"]
[BlackElo "2137"]
[PlyCount "105"]
[EventDate "2016.10.16"]
[EventType "team-tourn"]
[EventCountry "GER"]
[WhiteTeam "Coswig TuS"]
[BlackTeam "Naumburger SV"]
[WhiteTeamCountry "GER"]
[BlackTeamCountry "GER"]

1. e4 c5 2. Nf3 d6 3. d4 cxd4 4. Nxd4 Nf6 5. Nc3 a6 6. h3 e5 7. Nde2 h5 8. Bg5
Be7 9. Bxf6 Bxf6 10. Nd5 Bg5 11. h4 Bh6 12. Ng3 g6 13. Qf3 Bg7 14. Bc4 O-O 15.
Qe3 Nc6 16. O-O-O Be6 17. Nb6 Bxc4 18. Nxc4 Nd4 19. Ne2 Rc8 20. Nxd4 Rxc4 21.
Nb3 Qc7 22. Qd3 Rc8 23. c3 b5 24. Kb1 Bf8 25. g4 hxg4 26. h5 Qe7 27. hxg6 fxg6
28. Rdg1 Qe6 29. Rh4 R4c7 30. Rhxg4 Rg7 31. Qg3 Be7 32. Nd2 Kf7 33. Nf1 d5 34.
Qf3+ Qf6 35. Qxf6+ Kxf6 36. exd5 Rd8 37. Ne3 Bc5 38. Rd1 Bxe3 39. fxe3 Kf5 40.
Rdg1 g5 41. e4+ Kf6 42. R4g3 Rdg8 43. Rf3+ Kg6 44. Rf5 Kh5 45. Rxe5 Kh4 46. d6
g4 47. Rd5 g3 48. e5 Kh3 49. Rd2 Rg6 50. Rd3 Rd8 51. Re1 Re6 52. Ree3 Rg8 53.
Rxg3+ 1-0

[Event "Oberliga Ost A 2016 2017"]
[Site "Germany"]
[Date "2017.05.06"]
[Round "10.8"]
[White "Poenisch, Johannes"]
[Black "Muekke, Jens Frieder"]
[Result "1/2-1/2"]
[WhiteElo "1988"]
[BlackElo "1969"]
[PlyCount "52"]
[EventDate "2016.10.16"]
[EventType "team-tourn"]
[EventCountry "GER"]
[WhiteTeam "Coswig TuS"]
[BlackTeam "Naumburger SV"]
[WhiteTeamCountry "GER"]
[BlackTeamCountry "GER"]

1. e4 e6 2. d4 d5 3. exd5 exd5 4. Bd3 Nc6 5. c3 Bd6 6. h3 Nge7 7. Qc2 Be6 8.
Ne2 Ng6 9. Be3 Nh4 10. Kf1 Ng6 11. Nd2 Qf6 12. Nf3 h6 13. Re1 Nce7 14. Kg1 O-O
15. Nh2 Bf5 16. Bd2 Bxd3 17. Qxd3 Qf5 18. Qxf5 Nxf5 19. g3 Rfe8 20. Kg2 Re7 21.
Nc1 Rae8 22. Rxe7 Rxe7 23. Re1 Rxe1 24. Bxe1 c6 25. Nd3 f6 26. Nf1 Nge7 1/2-1/2

[Event "Oberliga Ost A 2016 2017"]
[Site "Germany"]
[Date "2017.05.06"]
[Round "10.1"]
[White "Degtiarev, Evgeny"]
[Black "Wegener, Dirk"]
[Result "1-0"]
[WhiteElo "2414"]
[BlackElo "2349"]
[PlyCount "81"]
[EventDate "2016.10.16"]
[EventType "team-tourn"]
[EventCountry "GER"]
[WhiteTeam "Magdeburg SG Aufbau Elbe"]
[BlackTeam "Dresden USV TU II"]
[WhiteTeamCountry "GER"]
[BlackTeamCountry "GER"]

1. d4 Nf6 2. c4 g6 3. Nc3 Bg7 4. e4 d6 5. h3 O-O 6. Be3 c6 7. Nf3 a6 8. Bd3 b5
9. O-O Nbd7 10. Rc1 Bb7 11. c5 dxc5 12. dxc5 Qc7 13. Qb3 Rad8 14. Rfd1 Nh5 15.
Bf1 Ne5 16. Nd4 g5 17. Nf5 Bf6 18. Nh6+ Kg7 19. Nf5+ Kh8 20. Rxd8 Rxd8 21. Bd4
e6 22. Rd1 exf5 23. Bxe5 Bxe5 24. Rxd8+ Qxd8 25. Qxf7 Ng3 26. fxg3 Bc8 27. exf5
Bd4+ 28. Kh2 Bxc5 29. Ne4 Qf8 30. Qxf8+ Bxf8 31. g4 Be7 32. Kg3 Kg7 33. h4 h6
34. hxg5 hxg5 35. Be2 c5 36. Bf3 c4 37. Kf2 Bd7 38. Ke3 Bc6 39. f6+ Bxf6 40.
Nxf6 Bxf3 41. Nh5+ 1-0